| 000 | 00638caa a22001692a 4500 | ||
|---|---|---|---|
| 001 | 008918 | ||
| 003 | AR-FADEU | ||
| 008 | 311216n########xxu####################dd | ||
| 092 |
_a401.932 _bP426 |
||
| 100 | _aSchachter, Jacquelyn | ||
| 245 | _aLearning and triggering in adult L2 acquisition | ||
| 300 | _aPP. 70-88 | ||
| 500 | _aEn: Performance and competence in second language acquisition /ed. Gillian Brown. Cambridge : University Press, 1996 | ||
| 546 | _aInglés | ||
| 942 | _cBDGR | ||
| 773 | 0 |
_014714 _913794 _a _b _dCambridge _o03406 _tPERFORMANCE and competence in second language acquisition _w( AR-FADEU) 008914 _x _z0-521-55861-1 |
|
| 999 |
_c14718 _d14718 |
||